|
|
|
|
| LEADER |
00000nam0a2200000 4500 |
| 001 |
366976 |
| 005 |
20231102011933.0 |
| 035 |
|
|
|a (RuTPU)RU\TPU\retro\24339
|
| 090 |
|
|
|a 366976
|
| 100 |
|
|
|a 20220224d1980 km y0rusy50 ca
|
| 101 |
0 |
|
|a rus
|
| 102 |
|
|
|a RU
|
| 105 |
|
|
|a a z 001zy
|
| 200 |
1 |
|
|a Анализ структуры производства и потребления черных металлов в СССР
|f под ред. Р. Г. Камалова
|
| 210 |
|
|
|a Москва
|c Металлургия
|d 1980
|
| 215 |
|
|
|a 110 с.
|c ил.
|
| 320 |
|
|
|a Библиогр.: с. 108-109
|
| 606 |
1 |
|
|a Черная металлургия
|2 stltpush
|3 (RuTPU)RU\TPU\subj\80181
|9 87973
|
| 610 |
1 |
|
|a черные металлы
|
| 610 |
1 |
|
|a производство
|
| 610 |
1 |
|
|a потребление
|
| 610 |
1 |
|
|a структура
|
| 610 |
1 |
|
|a анализ
|
| 610 |
1 |
|
|a металлопотребление
|
| 610 |
1 |
|
|a металлопродукция
|
| 610 |
1 |
|
|a легированные стали
|
| 610 |
1 |
|
|a прогнозирование
|
| 610 |
1 |
|
|a методология
|
| 675 |
|
|
|a 669.1
|v 4
|
| 702 |
|
1 |
|a Камалов
|b Р. Г.
|4 340
|
| 801 |
|
1 |
|a RU
|b 63413507
|c 20220224
|
| 942 |
|
|
|c BK
|